<?xml version="1.0" encoding="UTF-8"?>
<collection xmlns="http://www.loc.gov/MARC21/slim">
  <record>
    <leader>00000nam  2200000   4500</leader>
    <controlfield tag="001">INLIS000000000016847</controlfield>
    <controlfield tag="005">20240229112445</controlfield>
    <datafield tag="035" ind1="#" ind2="#">
      <subfield code="a">0010-0224000064</subfield>
    </datafield>
    <controlfield tag="007">ta</controlfield>
    <controlfield tag="008">240229################|##########|#|##</controlfield>
    <datafield tag="084" ind1="#" ind2="#">
      <subfield code="a">R 018 LATSAR 2022</subfield>
    </datafield>
    <datafield tag="100" ind1=" " ind2="#">
      <subfield code="a">Nisrina P. Arisanty</subfield>
    </datafield>
    <datafield tag="245" ind1="1" ind2="#">
      <subfield code="a">Upaya Optimalisasi Pembuatan SPP Melalui Aplikasi Sakti Dengan Pembuatan Flowchart Ringkas /</subfield>
      <subfield code="c">Nisrina P. Arisanty</subfield>
    </datafield>
    <datafield tag="250" ind1="#" ind2="#">
      <subfield code="a">1</subfield>
    </datafield>
    <datafield tag="260" ind1="#" ind2="#">
      <subfield code="a">Jakarta :</subfield>
      <subfield code="b">Pusbangkader,</subfield>
      <subfield code="c">2022</subfield>
    </datafield>
    <datafield tag="300" ind1="#" ind2="#">
      <subfield code="a">120 halaman ;</subfield>
      <subfield code="c">30 cm</subfield>
    </datafield>
    <datafield tag="650" ind1="#" ind2="4">
      <subfield code="a">aplikasi</subfield>
    </datafield>
    <datafield tag="520" ind1="#" ind2="#">
      <subfield code="a">SAKTI merupakan salah satu aplikasi keuangan yang penggunaannya sering oleh staf Perencanaan dan Keuangan di Deputi Bidang Produk Wisata dan Penyelenggara Kegiatan (Events). Pembuatan SPP adalah salah satu fitur di SAKTI dalam Modul Pembayaran yang baru digunakan serentak di seluruh Indonesia sejak tahun 2022. Perlu adanya terobosan yang dapat memudahkan para operator-operator SAKTI yang baru untuk memahami alur dari pembuatan SPP, dan dapat dijadikan acuan untuk mengurangi kemungkinan kesalahan saat meng-input data Surat Perintah Pembayaran. Maka, gagasan kreatif untuk mengatasi isu tersebut adalah pembuatan flowchart yang ringkas mengenai pembuatan SPP. Untuk mewujudkan gagasan kreatif tersebut, terdapat 6 (enam) kegiatan yang telah dilakukan. Pelaksanaan kegiatan-kegiatan tersebut yang telah dilakukan. Pelaksanaan kegiatan-kegiatan tersebut telah mengimplementasikan nilai-nilai dasar PNS yaitu BerAKHLAK.</subfield>
    </datafield>
    <datafield tag="600" ind1="#" ind2="4">
      <subfield code="a">Sakti</subfield>
    </datafield>
    <datafield tag="856" ind1="#" ind2="#">
      <subfield code="a">Perpustakaan LAN Pusat</subfield>
    </datafield>
    <datafield tag="990" ind1="#" ind2="#">
      <subfield code="a">23-11-018</subfield>
    </datafield>
  </record>
</collection>
